[Event "HCL-C038"]
[Site "www.playchess.de"]
[Date "2001.01.24"]
[Round "6"]
[White "Ramon"]
[Black "Diego"]
[WhiteElo "1055"]
[BlackElo "748"]
[PlyCount "61"]
[Result "1-0"]

1.e4 e5 2.Nf3 Nc6 3.Nc3 Bc5 4.Bc4 Nf6 5.O-O O-O 
6.d3 h6 7.a3 a5 8.a4 d6 9.Nd5 Ng4 10.Qe2 Nd4 
11.Nxd4 Bxd4 12.h3 Nxf2 13.Rxf2 Bxf2+ 14.Qxf2 b6 
15.Qg3 c6 16.Bxh6 g6 17.Rf1 Re8 18.Nf6+ Kh8 
19.Bxf7 Re7 20.Bxg6 Be6 21.b3 d5 22.exd5 cxd5 
23.Qxe5 Bf7 24.Qg5 Bxg6 25.Qxg6 Qd6 26.Rf5 Rae8 
27.Rh5 R7e1+ 28.Kf2 Qc5+ 29.Kf3 Rf1+ 30.Kg4 Qd4+ 
31.Bf4+ {Good game}  1-0

[Event "HCL-C050"]
[Site "www.playchess.de"]
[Date "2001.01.24"]
[Round "4"]
[White "rhonda202"]
[Black "Tass"]
[WhiteElo "910"]
[BlackElo "1000"]
[PlyCount "74"]
[Result "0-1"]

1.d4 d5 2.Nc3 Nf6 3.Nf3 Nc6 4.e3 Bg4 5.h3 Bh5 6.g4 
Bg6 7.Nh4 Be4 8.f3 Bg6 9.e4 dxe4 10.fxe4 Nxd4 
11.Bg2 e6 12.Be3 e5 13.Nxg6 hxg6 14.g5 Nh5 15.Bf3 
Qd7 16.Nd5 Nxf3+ 17.Qxf3 b6 18.Rd1 O-O-O 19.b4 Qe6 
20.c4 f6 21.c5 f5 22.exf5 gxf5 23.cxb6 axb6 24.Rc1 
Rxd5 25.Qe2 Bxb4+ 26.Kf2 Kb7 27.Rc4 Ba5 28.Rhc1 
Rd7 29.Qc2 Rc8 30.Qb3 Qe7 31.h4 f4 32.Bxb6 Bxb6+ 
33.Ke1 Qd6 34.R4c6 Qd2+ 35.Kf1 {wow!}  Ng3+ {Was 
that wow for the site returning or for the move?!} 
 36.Qxg3 {actually for the site returning and 
now,, hmmm lol :0)}  fxg3 {:o)}  37.R6c2 {man you 
are good, excellent chess! :o)}  g2+ {Cheers, good 
game!}  0-1

[Event "HCL-C057"]
[Site "www.playchess.de"]
[Date "2001.01.24"]
[Round "14"]
[White "Cooldude"]
[Black "CEAuke"]
[WhiteElo "960"]
[BlackElo "924"]
[PlyCount "51"]
[Result "1-0"]

1.e4 d5 2.d4 dxe4 3.Nc3 Bf5 4.d5 h6 5.f3 Nf6 
6.Bb5+ c6 7.dxc6 Qxd1+ 8.Nxd1 bxc6 9.Ba4 exf3 
10.Nxf3 Be4 11.Rf1 Nbd7 12.Rf2 O-O-O 13.Be3 c5 
14.c4 e6 15.Bf4 Ng4 16.Re2 Bd3 17.Rd2 Bxc4 18.Rc1 
Bxa2 19.h3 Ngf6 20.Ne5 Nxe5 21.Bxe5 Rg8 22.b4 c4 
23.Rxa2 Bxb4+ 24.Ke2 Rd5 25.Rxc4+ Bc5 
26.Bd6 1-0

[Event "HCL-C057"]
[Site "www.playchess.de"]
[Date "2001.01.24"]
[Round "25"]
[White "surak"]
[Black "CEAuke"]
[WhiteElo "1000"]
[BlackElo "924"]
[PlyCount "53"]
[Result "1-0"]

1.e4 d5 2.exd5 Qxd5 3.Nc3 Qf5 4.d4 e6 5.Nf3 Be7 
6.Bd3 Qh5 7.O-O Na6 8.Bxa6 bxa6 9.Bf4 Bd6 10.Ne5 
Qxd1 11.Rfxd1 Ne7 12.Ne4 Nf5 13.Nxd6+ cxd6 14.Nc4 
Bb7 15.Bxd6 Rd8 16.Bc5 Rd7 17.Bxa7 Bxg2 18.Kxg2 
Rxa7 19.d5 Rc7 20.b3 O-O 21.dxe6 fxe6 22.Rd2 Rc5 
23.Rad1 Nh4+ 24.Kf1 Nf3 25.R2d8 Rxd8 26.Rxd8+ Kf7 
27.Kg2 1-0

[Event "HCL-C069"]
[Site "www.playchess.de"]
[Date "2001.01.24"]
[Round "1"]
[White "orange"]
[Black "STAM"]
[WhiteElo "951"]
[BlackElo "1000"]
[PlyCount "43"]
[Result "1-0"]

1.e4 e5 2.Nf3 Nc6 3.Bb5 a6 4.Ba4 b5 5.Bb3 Nf6 
6.Qe2 Bc5 7.c3 d5 8.d3 Bg4 9.Be3 d4 10.Bg5 h6 
11.Bxf6 Qxf6 12.Bd5 Bd7 13.Qd1 O-O-O 14.a4 g5 
15.O-O g4 16.Nbd2 gxf3 17.Nxf3 Rhg8 18.g3 h5 19.h4 
dxc3 20.bxc3 Rxg3+ 21.Kh2 Rxf3 
22.Rg1 1-0

[Event "HCL-C073"]
[Site "www.playchess.de"]
[Date "2001.01.24"]
[Round "6"]
[White "CEAuke"]
[Black "Optimo"]
[WhiteElo "960"]
[BlackElo "1122"]
[PlyCount "52"]
[Result "0-1"]

1.d4 d5 2.Na3 Nc6 3.Bf4 f6 4.Nf3 Bg4 5.Nb5 e5 
6.dxe5 Rc8 7.exf6 Nxf6 8.h3 Bh5 9.e3 a6 10.Nxc7+ 
Rxc7 11.Bxc7 Qxc7 12.g4 Bg6 13.Bg2 Nb4 14.Nd4 
Nxc2+ 15.Nxc2 Qxc2 16.Rc1 Bb4+ 17.Kf1 Qxd1+ 
18.Rxd1 Be4 19.Rd4 Bc5 20.Ra4 Bxg2+ 21.Kxg2 O-O 
22.g5 Ne4 23.h4 Rxf2+ 24.Kh3 Rf3+ 25.Kg2 Rf2+ 
26.Kg1 Bxe3 0-1

[Event "HCL-C083"]
[Site "www.playchess.de"]
[Date "2001.01.24"]
[Round "22"]
[White "adamlm323"]
[Black "Holger"]
[WhiteElo "1000"]
[BlackElo "1000"]
[PlyCount "30"]
[Result "0-1"]

1.e4 e5 2.Nf3 Nc6 3.d4 exd4 4.Nxd4 Nxd4 5.Qxd4 b6 
6.Nc3 Bc5 7.Qe5+ Kf8 8.Qf4 Nf6 9.Be2 d6 10.O-O Bb7 
11.Bc4 Qe7 12.Re1 d5 13.exd5 Qxe1+ 14.Bf1 Ng4 
15.Qd2 Bxf2+ 0-1

[Event "HCL-C084"]
[Site "www.playchess.de"]
[Date "2001.01.24"]
[Round "7"]
[White "JeanPierre"]
[Black "Gerry"]
[WhiteElo "1602"]
[BlackElo "1534"]
[PlyCount "53"]
[Result "1-0"]

1.Nf3 d5 2.g3 Nf6 3.Bg2 Nc6 4.O-O Bf5 5.b3 e6 
6.Bb2 Bd6 7.d4 O-O 8.Nbd2 h6 9.c4 b6 10.Rc1 Nb4 
11.a3 Na6 12.Ne5 c5 13.dxc5 bxc5 14.Nc6 Qc7 
15.cxd5 exd5 16.Nb4 Nxb4 17.axb4 Qb6 18.Bxf6 gxf6 
19.e4 Bg6 20.bxc5 Bxc5 21.exd5 Rae8 22.Nc4 Qb5 
23.d6 Reb8 24.Qf3 f5 25.Rfd1 Qxb3 26.Qxb3 Rxb3 
27.Nd2 1-0

[Event "HCL-C085"]
[Site "www.playchess.de"]
[Date "2001.01.24"]
[Round "3"]
[White "Flay"]
[Black "Petra"]
[WhiteElo "1000"]
[BlackElo "1242"]
[PlyCount "75"]
[Result "1-0"]

1.e4 e6 2.d4 d5 3.Nc3 Bb4 4.a3 Bxc3+ 5.bxc3 Nf6 
6.e5 Ne4 7.Qf3 Nd7 8.c4 c6 9.cxd5 Qa5+ 10.c3 Qxc3+ 
11.Qxc3 Nxc3 12.dxc6 bxc6 13.Ne2 Ba6 14.Nxc3 Bxf1 
15.Rxf1 O-O 16.Ne4 f6 17.f4 Rab8 18.exf6 Nxf6 
19.Nxf6+ Rxf6 20.Rf2 Rf7 21.Rc2 Rfb7 22.Rxc6 R7b1 
23.Rxb1 Rxb1 24.Kd2 Rb6 25.Rxb6 axb6 26.Kc3 Kf7 
27.Kc4 h5 28.Kb5 Kf6 29.Kxb6 Kf5 30.a4 Ke4 31.Kc5 
g6 32.a5 Kd3 33.a6 Kc2 34.Ba3 Kb3 35.Bb4 Kc2 36.a7 
Kd3 37.a8Q {%NOTE%}  Ke3 38.Qf3+ 1-0

[Event "HCL-C095"]
[Site "www.playchess.de"]
[Date "2001.01.24"]
[Round "8"]
[White "SpiderP"]
[Black "soymilk"]
[WhiteElo "1000"]
[BlackElo "1092"]
[PlyCount "59"]
[Result "0-1"]

1.e4 e6 2.Nf3 d5 3.d4 dxe4 4.Ne5 Bd6 5.Qg4 Qf6 
6.Qxe4 Ne7 7.Nc3 Qf5 8.Qd3 Bxe5 9.dxe5 Qxe5+ 
10.Be3 Nd5 11.Rd1 c6 12.Qe4 Qxe4 13.Nxe4 Nxe3 
14.fxe3 O-O 15.Bd3 b6 16.O-O Ba6 17.Bxa6 Nxa6 
18.Rd7 Nb4 19.a3 Nxc2 20.Kf2 Nxa3 21.bxa3 a5 
22.Rfd1 h6 23.R1d6 Rfc8 24.Rb7 Rxb7 25.Rdd7 b5 
26.Rxb7 Rd8 27.Nd6 Rf8 28.Nxf7 Rxf7+ 29.Rc7 Kxf7 
30.Rxf7 0-1

[Event "HCL-C098"]
[Site "www.playchess.de"]
[Date "2001.01.24"]
[Round "2"]
[White "COMETIN"]
[Black "Otakmati"]
[WhiteElo "966"]
[BlackElo "1000"]
[PlyCount "37"]
[Result "1-0"]

1.e4 c5 2.Nc3 a6 3.Bc4 Nc6 4.Nf3 e6 5.d3 h6 6.O-O 
Nf6 7.h3 d5 8.exd5 exd5 9.Re1+ Be7 10.Bb3 O-O 
11.Ne2 Bd6 12.Bf4 Be6 13.c4 d4 14.a3 Qc7 15.g3 Nh5 
16.Bxd6 Qxd6 17.g4 Nf6 18.Ng3 Rae8 
19.g5 1-0

[Event "HCL-C113"]
[Site "www.playchess.de"]
[Date "2001.01.24"]
[Round "1"]
[White "exoticorn"]
[Black "JRockne"]
[WhiteElo "1122"]
[BlackElo "1100"]
[PlyCount "87"]
[Result "1-0"]

1.Nf3 d5 2.c4 c6 3.e3 Nf6 4.Nc3 Bf5 5.g3 e6 6.cxd5 
cxd5 7.Bg2 Bd6 8.O-O O-O 9.d4 Nc6 10.Bd2 h6 11.Qb3 
Na5 12.Qa4 Nc4 13.Bc1 a6 14.b3 Nb6 15.Qa5 Bc7 
16.Na4 Nxa4 17.Qxa4 Bd6 18.Bd2 b5 19.Qa5 Bc7 
20.Qa3 Bd6 21.Bb4 Bxb4 22.Qxb4 Qb6 23.Rfc1 a5 
24.Qc5 Rab8 25.Ne5 Qxc5 26.Rxc5 Rfc8 27.Rac1 Rxc5 
28.Rxc5 a4 29.b4 Bb1 30.a3 Ba2 31.Bf1 Ne4 32.Rxb5 
Rxb5 33.Bxb5 Nd6 34.Bxa4 Kf8 35.Bc6 Ke7 36.a4 Kd8 
37.a5 Kc7 38.Ba4 Kb7 39.Kf1 f6 40.Nd7 Bc4+ 41.Ke1 
Kc7 42.Nc5 e5 43.dxe5 fxe5 44.Ne6+ 1-0

[Event "HCL-C137"]
[Site "www.playchess.de"]
[Date "2001.01.24"]
[Round "26"]
[White "Ewie"]
[Black "jayr015"]
[WhiteElo "645"]
[BlackElo "1179"]
[PlyCount "41"]
[Result "1-0"]

1.e4 Nf6 2.Nc3 e5 3.Nf3 d6 4.b3 Nc6 5.Bb5 Be7 
6.Bb2 O-O 7.O-O a6 8.Bxc6 bxc6 9.d4 Bd7 10.Re1 Ng4 
11.h3 Nh6 12.dxe5 Be6 13.exd6 cxd6 14.g3 Bxh3 
15.e5 Ng4 16.exd6 Bxd6 17.Ne4 Qb6 18.Qxd6 Rad8 
19.Qc5 Qc7 20.Qc3 Qb6 21.Qxg7+ 1-0

[Event "HCL-C148"]
[Site "www.playchess.de"]
[Date "2001.01.24"]
[Round "22"]
[White "Translightor"]
[Black "German04"]
[WhiteElo "980"]
[BlackElo "1215"]
[PlyCount "59"]
[Result "1-0"]

1.e4 e5 2.Nf3 Nc6 3.Bb5 Nd4 4.Nxd4 exd4 5.O-O Bd6 
6.d3 Ne7 7.Nd2 O-O 8.Nf3 Bc5 9.Bc4 d5 10.exd5 Nxd5 
11.h3 Re8 12.Bg5 Qd6 13.Re1 Rxe1+ 14.Qxe1 Be6 
15.a3 Re8 16.Qd2 h6 17.Bh4 Nf4 18.Bg3 g5 19.Re1 
Qd7 20.Bxf4 gxf4 21.Qxf4 b5 22.Bxe6 Rxe6 23.Rxe6 
Qxe6 24.Qxc7 Bd6 25.Qxa7 Qe2 26.Qa8+ Kg7 27.Qe4 
Qd1+ 28.Ne1 Qh5 29.Nf3 f5 30.Qxd4+ 1-0

[Event "HCL-C148"]
[Site "www.playchess.de"]
[Date "2001.01.24"]
[Round "27"]
[White "German04"]
[Black "Allesnehmer"]
[WhiteElo "1215"]
[BlackElo "1000"]
[PlyCount "44"]
[Result "0-1"]

1.e4 e5 2.Nf3 Nc6 3.Nc3 Nf6 4.d4 exd4 5.Nxd4 Bb4 
6.Nxc6 bxc6 7.Qd4 Qe7 8.Be2 Qxe4 9.Qxe4+ Nxe4 
10.O-O Nxc3 11.bxc3 Bxc3 12.Rb1 O-O 13.Rb3 Ba5 
14.Rg3 Re8 15.Bd3 Rb8 16.Bh6 g6 17.Rf3 d6 18.Bc4 
Be6 19.Bd3 Bxa2 20.Ra1 Bc3 21.Rxa2 Rb1+ 22.Bf1 
Rxf1+ 0-1

[Event "HCL-E008"]
[Site "www.playchess.de"]
[Date "2001.01.24"]
[Round "13"]
[White "Pete"]
[Black "FD515"]
[WhiteElo "2103"]
[BlackElo "1669"]
[PlyCount "54"]
[Result "0-1"]

1.f4 d5 2.Nf3 Nf6 3.d3 Nc6 4.g3 Qd6 5.Bg2 e5 
6.fxe5 Nxe5 7.Nxe5 Qxe5 8.c3 Bd6 9.Bf4 Qe6 10.Qa4+ 
Bd7 11.Qd4 O-O 12.Nd2 c5 13.Qe3 Bxf4 14.Qxf4 Rae8 
15.Bf3 h6 16.e4 Bb5 17.Qe3 Qa6 18.Be2 dxe4 19.dxe4 
Bxe2 20.Qxe2 Qxe2+ 21.Kxe2 Nxe4 22.Nxe4 Rxe4+ 
23.Kf3 Rfe8 24.Rhd1 R4e3+ 25.Kg4 f5+ 26.Kxf5 R3e4 
27.Rd8 R4e5+ 0-1

[Event "HCL-E010"]
[Site "www.playchess.de"]
[Date "2001.01.24"]
[Round "13"]
[White "Goofy"]
[Black "KARFOPOULOS"]
[WhiteElo "2200"]
[BlackElo "2000"]
[PlyCount "50"]
[Result "1/2-1/2"]

1.d4 Nf6 2.c4 g6 3.Nc3 Bg7 4.e4 d6 5.f3 O-O 6.Be3 
c5 7.dxc5 dxc5 8.e5 Nfd7 9.f4 f6 10.exf6 Nxf6 
11.Qxd8 Rxd8 12.Bxc5 Bf5 13.Nf3 Ne4 14.Nxe4 Bxe4 
15.Ba3 Nc6 16.Ng5 Bf5 17.Be2 Nd4 18.Bd1 Rac8 
19.Rc1 Nb5 20.Bb3 Nxa3 21.c5+ e6 22.bxa3 Bb2 
23.Rc4 Rc6 24.Nf3 Bxa3 {sorry,but I fight my games 
till the end.}  25.Nd4 {Ok, i understand. Usually 
I also play every game until the end.}  Rxc5 {I 
must admit, that I am wrong,the line 26.Rxc5 
Bxc5,27.Nxf5 gxf5,28.Bxe6+ Kg7,29.Bxf5 Bb4+,30.Kf2 
R+}  1/2-1/2

[Event "HCL-E014"]
[Site "www.playchess.de"]
[Date "2001.01.24"]
[Round "3"]
[White "charzoid"]
[Black "Alexdan"]
[WhiteElo "2000"]
[BlackElo "2000"]
[PlyCount "20"]
[Result "0-1"]

1.d4 d5 2.c4 e6 3.Nc3 Nf6 4.Bg5 Be7 5.e3 O-O 6.Nf3 
Nbd7 7.Rc1 c6 8.Bd3 dxc4 9.Bxc4 b5 10.Bd3 
a6 0-1

[Event "HCL-E014"]
[Site "www.playchess.de"]
[Date "2001.01.24"]
[Round "10"]
[White "sufian"]
[Black "Goofy"]
[WhiteElo "2000"]
[BlackElo "2122"]
[PlyCount "24"]
[Result "0-1"]

1.d4 Nf6 2.c4 g6 3.Nc3 d5 4.cxd5 Nxd5 5.e4 Nxc3 
6.bxc3 Bg7 7.Nf3 c5 8.Rb1 O-O 9.Bc4 Nc6 10.Be3 
cxd4 11.cxd4 Qa5+ 12.Qd2 Qxd2+ 0-1

[Event "ACL-A025"]
[Site "www.playchess.de"]
[Date "2001.01.24"]
[Round "2"]
[White "pird"]
[Black "Utesch"]
[WhiteElo "1686"]
[BlackElo "1500"]
[PlyCount "68"]
[Result "1/2-1/2"]

1.e4 c5 2.d4 cxd4 3.c3 dxc3 4.Nxc3 e6 5.Nf3 a6 
6.Bc4 b5 7.Bb3 Bb7 8.Qe2 Nc6 9.O-O Qc7 10.Rd1 Nf6 
11.e5 Ng4 12.Bf4 h5 13.Rac1 Be7 14.Ne4 Rc8 15.h3 
Nh6 16.Bg5 Bf8 17.Qd3 Nf5 18.a3 Ba8 19.Qd2 Qb7 
20.Bc2 Rc7 21.b4 Qb8 22.Qe2 a5 23.bxa5 Bxa3 
24.Rcb1 b4 25.a6 Qb6 26.Nd6+ Nxd6 27.Rxd6 Qa5 
28.Rdd1 Ne7 29.Nd4 Qd5 30.f4 Qc5 31.Bxe7 Kxe7 
32.Bb3 Rh6 33.Kh2 h4 34.Qg4 Be4 1/2-1/2

[Event "ACL-A033"]
[Site "www.playchess.de"]
[Date "2001.01.24"]
[Round "15"]
[White "Silver_Fox"]
[Black "MarkusSSG"]
[WhiteElo "1500"]
[BlackElo "1737"]
[PlyCount "66"]
[Result "0-1"]

1.e4 e6 2.d4 d5 3.Nd2 c5 4.exd5 exd5 5.Ngf3 Nf6 
6.Bb5+ Bd7 7.Qe2+ Be7 8.dxc5 O-O 9.O-O Re8 10.Bxd7 
Nbxd7 11.Qb5 Nxc5 12.Nb3 a6 13.Qa5 b6 14.Qd2 Nfe4 
15.Qf4 Bd6 16.Qg4 Qc8 17.Qxc8 Raxc8 18.Nbd4 Ne6 
19.c3 b5 20.Be3 b4 21.cxb4 Bxb4 22.Rfc1 Bc5 23.a3 
a5 24.Rc2 a4 25.Rac1 Rcb8 26.Nc6 Bxe3 27.fxe3 Rb3 
28.Nfe5 f6 29.Ng4 h5 30.Nf2 Rxe3 31.Nb4 Nd4 
32.Nxd5 Nxc2 33.Nxe3 Nxe3 0-1

[Event "ACL-A037"]
[Site "www.playchess.de"]
[Date "2001.01.24"]
[Round "3"]
[White "sargon"]
[Black "Gruhni"]
[WhiteElo "1500"]
[BlackElo "1394"]
[PlyCount "32"]
[Result "0-1"]

1.e4 e5 2.Nf3 Nc6 3.Bb5 Nf6 4.O-O d6 5.d4 exd4 
6.Nxd4 Bd7 7.Nc3 Nxd4 8.Qxd4 Bxb5 9.Nxb5 a6 10.Nc3 
Be7 11.Bg5 h6 12.Bh4 O-O 13.Rfe1 Nd7 14.Bxe7 Qxe7 
15.Nd5 Qd8 16.Ne3 Qf6 0-1

[Event "ACL-A038"]
[Site "www.playchess.de"]
[Date "2001.01.24"]
[Round "7"]
[White "Tony"]
[Black "MicronHead"]
[WhiteElo "1500"]
[BlackElo "1455"]
[PlyCount "75"]
[Result "1-0"]

1.d4 d5 2.Nf3 Bf5 3.e3 e6 4.c3 Nd7 5.Qb3 Rb8 
6.Nbd2 Ngf6 7.c4 Bd6 8.Nh4 Bg4 9.h3 Bh5 10.Bd3 O-O 
11.Nhf3 Re8 12.O-O c5 13.g4 Bg6 14.Bxg6 hxg6 
15.Re1 cxd4 16.exd4 Qb6 17.c5 Qxb3 18.axb3 Nxc5 
19.dxc5 Bxc5 20.Ne5 Rbc8 21.g5 Nh5 22.Ndf3 Red8 
23.Nd3 Bb6 24.Be3 d4 25.Bd2 Rc2 26.Ba5 Bxa5 
27.Rxa5 a6 28.Ra4 Rd7 29.Rc4 Rxc4 30.bxc4 b5 31.c5 
Rd5 32.c6 Rd8 33.Nxd4 Rxd4 34.c7 Rc4 35.Rc1 Rxc7 
36.Rxc7 f6 37.h4 a5 38.Rc5 1-0

[Event "ACL-A063"]
[Site "www.playchess.de"]
[Date "2001.01.24"]
[Round "5"]
[White "deepcover"]
[Black "dakini"]
[WhiteElo "1500"]
[BlackElo "1380"]
[PlyCount "49"]
[Result "1-0"]

1.d4 d5 2.c4 dxc4 3.e4 b5 4.a4 c6 5.Nc3 b4 6.Na2 
e5 7.Nf3 b3 8.Nc3 exd4 9.Nxd4 Ba6 10.Bf4 Bb4 
11.Nf5 Qf6 12.Qd2 Nd7 13.Rd1 Bc8 14.Bxc4 Nh6 
15.Bxh6 gxh6 16.Nxh6 Ne5 17.Bxb3 Bd7 18.Nxf7 Rg8 
19.Nxe5 Bxc3 20.Qxc3 Rxg2 21.Bf7+ Kd8 22.Qa5+ Kc8 
23.Qa6+ Kc7 24.Rxd7+ Kb8 {congratulations}  
25.Qb7+ {Thanks}  1-0

[Event "ACL-A065"]
[Site "www.playchess.de"]
[Date "2001.01.24"]
[Round "11"]
[White "Hermi"]
[Black "victor"]
[WhiteElo "2070"]
[BlackElo "1500"]
[PlyCount "25"]
[Result "1-0"]

1.d4 e6 2.c4 Nf6 3.Nf3 b6 4.a3 Bb7 5.Nc3 Be7 6.d5 
exd5 7.cxd5 O-O 8.e4 c6 9.d6 Re8 10.dxe7 Qxe7 
11.Bd3 d5 12.O-O dxe4 13.Nxe4 1-0

[Event "ACL-A065"]
[Site "www.playchess.de"]
[Date "2001.01.24"]
[Round "15"]
[White "Edik"]
[Black "victor"]
[WhiteElo "1500"]
[BlackElo "1500"]
[PlyCount "25"]
[Result "1-0"]

1.e4 e6 2.d4 d5 3.Nd2 Nf6 4.e5 Nfd7 5.Bd3 c5 6.c3 
Nc6 7.Ne2 cxd4 8.cxd4 f6 9.exf6 Qxf6 10.Nf3 Bd6 
11.Bg5 Qf7 12.a3 O-O 13.Qc2 1-0

[Event "ACL-E004"]
[Site "www.playchess.de"]
[Date "2001.01.24"]
[Round "12"]
[White "Gearloose"]
[Black "oliver"]
[WhiteElo "1886"]
[BlackElo "2024"]
[PlyCount "55"]
[Result "1/2-1/2"]

1.e4 e6 2.d4 d5 3.Nd2 c5 4.exd5 Qxd5 5.Ngf3 cxd4 
6.Bc4 Qd6 7.O-O Nf6 8.Nb3 Nc6 9.Nbxd4 Nxd4 10.Qxd4 
Bd7 11.Be2 Qxd4 12.Nxd4 Rc8 13.c3 Be7 14.Re1 O-O 
15.Bf3 b6 16.Bf4 Rfd8 17.Be5 Kf8 18.Bb7 Rc5 19.b4 
Rc4 20.Ba6 Rxc3 21.Nxe6+ Bxe6 22.Bxc3 Nd5 23.Rec1 
Nxc3 24.Rxc3 Bf6 25.Rcc1 Bxa1 26.Rxa1 Bc8 27.Bc4 
Rd2 28.Re1 1/2-1/2

[Event "HCL-C151"]
[Site "www.playchess.de"]
[Date "2001.01.24"]
[Round "9"]
[White "craigsadler"]
[Black "O_Man"]
[WhiteElo "1000"]
[BlackElo "1111"]
[PlyCount "24"]
[Result "0-1"]

1.c4 {good luck!}  f6 2.g3 e5 {Greetings from 
Memphis, home of Elvis}  3.Bg2 Bc5 4.Nc3 Ne7 5.e4 
c6 6.Qg4 Ng6 7.Nf3 d5 8.Qh4 Nxh4 9.Nxh4 Be6 10.O-O 
dxe4 11.Nxe4 Na6 12.Rd1 Bxc4 0-1

[Event "HCL-C151"]
[Site "www.playchess.de"]
[Date "2001.01.24"]
[Round "13"]
[White "O_Man"]
[Black "Stefan"]
[WhiteElo "1111"]
[BlackElo "1408"]
[PlyCount "42"]
[Result "0-1"]

1.e4 d6 2.f4 Nf6 3.Nc3 g6 4.Nf3 Bg4 5.Bc4 Bg7 6.h3 
Bxf3 7.Qxf3 e5 8.d3 Nbd7 9.fxe5 Nxe5 10.Qf2 Nxc4 
11.dxc4 Qd7 12.Be3 Qc6 13.Bd4 Nxe4 14.Nxe4 Qxe4+ 
15.Be3 Bxb2 16.Rd1 Bc3+ 17.Ke2 Qxc2+ 18.Bd2 O-O 
19.Rhf1 Rae8+ 20.Kf3 Bxd2 21.Rxd2 
Qc3+ 0-1

[Event "HCL-C151"]
[Site "www.playchess.de"]
[Date "2001.01.24"]
[Round "14"]
[White "Stefan"]
[Black "lsoule"]
[WhiteElo "1408"]
[BlackElo "599"]
[PlyCount "59"]
[Result "1-0"]

1.e4 c5 2.d4 cxd4 3.c3 Nc6 4.cxd4 e5 5.dxe5 Nxe5 
6.Qd5 Ng6 7.Bc4 Qe7 8.Nf3 Nf6 9.Qd4 Qd6 10.O-O 
Qxd4 11.Nxd4 Bc5 12.Nb3 b6 13.e5 Nxe5 14.Re1 d6 
15.Nxc5 bxc5 16.f4 Nfd7 17.fxe5 Nxe5 18.Bd5 Rb8 
19.Nc3 O-O 20.b3 Ba6 21.Ne4 Rbe8 22.Ba3 Re7 
23.Nxd6 Kh8 24.Nxf7+ Rexf7 25.Bxf7 Nxf7 26.Bxc5 
Rc8 27.a4 g6 28.Bxa7 Nd6 29.Re6 Rd8 
30.Rd1 1-0

[Event "ACL-E006"]
[Site "www.playchess.de"]
[Date "2001.01.24"]
[Round "2"]
[White "Gruhni"]
[Black "Utesch"]
[WhiteElo "1406"]
[BlackElo "1738"]
[PlyCount "62"]
[Result "0-1"]

1.e4 {Hallo und gutes Spiel!}  c5 {Hallo, ich 
wünsche uns ebenfalls eine spannende Partie! Gruß 
Wolfgang}  2.Nf3 e6 3.c4 a6 4.Nc3 Qc7 5.d3 Nc6 
6.Be3 Nf6 7.h3 Be7 8.Be2 O-O 9.Qd2 d5 10.cxd5 exd5 
11.exd5 Nb4 12.O-O Nbxd5 13.Nxd5 Nxd5 14.Rac1 Nxe3 
15.Qxe3 Bd6 16.Qe4 Qd8 17.d4 Re8 18.Qd3 cxd4 
19.Nxd4 Be5 20.Rfd1 Qf6 21.Nb3 Bxb2 22.Rc5 Be6 
23.Bf3 Ba3 24.Rc7 Rad8 25.Qc2 Bf5 26.Qc4 Rxd1+ 
{Das ist ja Email-Blitz!}  27.Bxd1 {Ja, ich sollte 
doch länger überlegen, aber Angewohnheit ist 
Angewohnheit :-)}  Re1+ 28.Kh2 b5 29.Qd5 {Lustig! 
Solange man nichts anderes schreibt, werden die 
Antworten einfach wiederholt.}  Qd6+ 30.Qxd6 Bxd6+ 
31.g3 {Glückwunsch! War ein interessantes Spiel, 
denke ich! Nach deinen nächsten Zug gebe ich auf!} 
 Bxc7 {Danke! Viel Glück für sie anderen Partien. 
Gruß Wolfgang}  0-1

[Event "HCL-C154"]
[Site "www.playchess.de"]
[Date "2001.01.24"]
[Round "3"]
[White "rhonda202"]
[Black "dg"]
[WhiteElo "944"]
[BlackElo "1208"]
[PlyCount "20"]
[Result "1-0"]

1.e4 {hi and good luck. :0)}  e5 2.Nf3 Nc6 3.Nc3 
Nf6 4.Bd3 Bc5 5.Bc4 Ng4 6.Ng5 Nxf2 7.Qe2 Nxh1 8.h4 
Nd4 9.Qf1 Nxc2+ 10.Kd1 Nxa1 1-0

[Event "HCL-C073"]
[Site "www.playchess.de"]
[Date "2001.01.24"]
[Round "9"]
[White "locko"]
[Black "CEAuke"]
[WhiteElo "1000"]
[BlackElo "960"]
[PlyCount "45"]
[Result "0-1"]

1.Nc3 d5 2.Nb5 c6 3.Nd4 e5 4.Nb3 Bf5 5.d4 e4 6.Nc5 
Bxc5 7.dxc5 Qa5+ 8.c3 Qxc5 9.b4 Qxc3+ 10.Bd2 Qe5 
11.f4 exf3 12.e.p gxf3 13.Na6 a3 14.O-O-O f4 
15.Qe4 Kf2 16.Qxh1 Bg2 17.Qxh2 Nf3 18.Qh5 Rc1 
19.Nf6 b5 20.Ne4+ Ke1 21.Bh3 Ng5 22.Bxg2 bxc6 
23.Qh1+ 0-1

[Event "HCL-C084"]
[Site "www.playchess.de"]
[Date "2001.01.24"]
[Round "2"]
[White "Vazelos"]
[Black "Gerry"]
[WhiteElo "1000"]
[BlackElo "1534"]
[PlyCount "53"]
[Result "1-0"]

1.e4 e5 2.Nf3 Nc6 3.Bc4 Bc5 4.Nc3 Nf6 5.d3 d6 
6.Nd5 Ng4 7.O-O O-O 8.Bg5 Nxf2 9.Rxf2 Bxf2+ 
10.Kxf2 Qd7 11.Nh4 Qg4 12.Qxg4 Bxg4 13.Nxc7 Rac8 
14.h3 h6 15.hxg4 hxg5 16.Ng6 Kh7 17.Nxf8+ Rxf8 
18.a3 a6 19.Ne8 g6 20.Nxd6 Nd8 21.Rh1+ Kg7 22.Bd5 
b6 23.c4 f6 24.a4 f5 25.gxf5 gxf5 26.Nxf5+ Kg6 
27.Rh6+ 1-0

[Event "HCL-C084"]
[Site "www.playchess.de"]
[Date "2001.01.24"]
[Round "6"]
[White "Vazelos"]
[Black "Dirk_Dashing"]
[WhiteElo "1000"]
[BlackElo "1000"]
[PlyCount "31"]
[Result "1-0"]

1.e4 e5 2.f4 d6 3.Nf3 Bg4 4.Bc4 Nf6 5.Nc3 Nc6 
6.fxe5 Nxe5 7.Qe2 Qe7 8.h3 Bxf3 9.gxf3 O-O-O 10.d4 
Nxc4 11.Qxc4 c5 12.Nb5 Kb8 13.dxc5 dxc5 14.Bf4+ 
Kc8 15.Nxa7+ Kd7 16.Qb5+ 1-0

[Event "HCL-C084"]
[Site "www.playchess.de"]
[Date "2001.01.24"]
[Round "9"]
[White "JeanPierre"]
[Black "Vazelos"]
[WhiteElo "1602"]
[BlackElo "1000"]
[PlyCount "43"]
[Result "1-0"]

1.e4 e5 2.Nc3 Nf6 3.f4 exf4 4.e5 Nd5 5.Nxd5 Qh4+ 
6.Ke2 Bc5 7.Nxc7+ Kd8 8.d4 Kxc7 9.dxc5 f3+ 10.Kxf3 
Qh5+ 11.g4 Qg6 12.Qd6+ Qxd6 13.exd6+ Kd8 14.b4 b6 
15.Kf2 bxc5 16.bxc5 Nc6 17.Bg2 Bb7 18.Rb1 Rb8 
19.Bxc6 dxc6 20.Bf4 Kd7 21.Nf3 Ba6 
22.Ne5+ 1-0

[Event "HCL-C084"]
[Site "www.playchess.de"]
[Date "2001.01.24"]
[Round "10"]
[White "Dirk_Dashing"]
[Black "JeanPierre"]
[WhiteElo "1000"]
[BlackElo "1602"]
[PlyCount "22"]
[Result "0-1"]

1.e4 e6 2.d4 d5 3.e5 c5 4.Bb5+ Nc6 5.Nf3 Bd7 6.Nc3 
cxd4 7.Nxd4 Nxe5 8.Bf4 Ng6 9.Bg3 Bb4 10.O-O Bxc3 
11.bxc3 Nf6 0-1

[Event "HCL-C084"]
[Site "www.playchess.de"]
[Date "2001.01.24"]
[Round "11"]
[White "Gerry"]
[Black "MAURICE"]
[WhiteElo "1534"]
[BlackElo "474"]
[PlyCount "23"]
[Result "1-0"]

1.e4 e5 2.Nc3 c5 3.Bc4 Qc7 4.Nf3 b6 5.d3 a6 6.Be3 
Nf6 7.O-O Ke7 8.Bg5 Ra7 9.Bxf6+ Kd6 10.Bxe5+ Kc6 
11.Bxc7 Rxc7 12.Ne5+ 1-0

[Event "HCL-C084"]
[Site "www.playchess.de"]
[Date "2001.01.24"]
[Round "16"]
[White "dazzle"]
[Black "Gerry"]
[WhiteElo "824"]
[BlackElo "1534"]
[PlyCount "24"]
[Result "0-1"]

1.d4 d5 2.h3 Nf6 3.Nf3 Nc6 4.e3 Bf5 5.Nc3 Nb4 
6.Bd3 Nxd3+ 7.cxd3 e6 8.a3 Bd6 9.e4 dxe4 10.dxe4 
Nxe4 11.Nxe4 Bxe4 12.Qa4+ c6 0-1

[Event "HCL-C084"]
[Site "www.playchess.de"]
[Date "2001.01.24"]
[Round "18"]
[White "dazzle"]
[Black "Vazelos"]
[WhiteElo "824"]
[BlackElo "1000"]
[PlyCount "44"]
[Result "0-1"]

1.d4 d5 2.h3 Nc6 3.Nf3 Nf6 4.e3 Bf5 5.Nc3 e6 6.a3 
Ne4 7.Bd3 Nxc3 8.bxc3 Be7 9.Qe2 O-O 10.e4 Bg6 
11.O-O Re8 12.e5 Bxd3 13.Qxd3 Na5 14.Be3 Nc4 
15.Ng5 Bxg5 16.f4 Be7 17.f5 Nxe3 18.fxe6 Nxf1 
19.Rxf1 fxe6 20.Rf4 Bxa3 21.Qf3 c5 22.Rf7 
Rf8 0-1

[Event "HCL-C084"]
[Site "www.playchess.de"]
[Date "2001.01.24"]
[Round "20"]
[White "dazzle"]
[Black "JeanPierre"]
[WhiteElo "824"]
[BlackElo "1602"]
[PlyCount "36"]
[Result "0-1"]

1.d4 Nf6 2.Nf3 g6 3.Nc3 d5 4.h3 Bg7 5.e3 O-O 6.a3 
Nbd7 7.Bd3 c5 8.dxc5 Nxc5 9.Qe2 Nfe4 10.Nxe4 dxe4 
11.Bxe4 Nxe4 12.O-O Qc7 13.c3 Be6 14.Nd4 Bc4 
15.Qf3 Bxf1 16.Kxf1 f5 17.Ne2 Rad8 18.Nd4 
e5 0-1

[Event "ACL-A038"]
[Site "www.playchess.de"]
[Date "2001.01.24"]
[Round "1"]
[White "MicronHead"]
[Black "sazex"]
[WhiteElo "1455"]
[BlackElo "1789"]
[PlyCount "74"]
[Result "0-1"]

1.e4 e5 2.Nf3 Nc6 3.Bb5 a6 4.Bxc6 dxc6 5.d4 exd4 
6.Qxd4 Bg4 7.Bg5 Qxd4 8.Nxd4 Be7 9.Be3 Bf6 10.c3 
O-O-O 11.Nd2 Ne7 12.O-O Rhe8 13.Rfe1 b6 14.h3 c5 
15.N4f3 Bxf3 16.Nxf3 Ng6 17.Nd2 Ne5 18.Red1 a5 
19.a3 a4 20.Rac1 Nd3 21.Rc2 b5 22.f3 c4 23.g3 h5 
24.h4 c5 25.Nf1 Kc7 26.Rcd2 Nxb2 27.R2xd8 Rxd8 
28.Rxd8 Kxd8 29.Bxc5 Bxc3 30.Ne3 Nd3 31.Nd5 Bb2 
32.Be7+ Kd7 33.Bf8 Bd4+ 34.Kf1 c3 35.Ke2 c2 
36.Kxd3 c1Q 37.Kxd4 Qg1+ 0-1